| 000 | 00667nam a2200229Ia 4500 | ||
|---|---|---|---|
| 005 | 20250508165254.0 | ||
| 008 | 008 250505s9999 xx 000 0 eng d | ||
| 020 | _a978-81-230-1836-2 | ||
| 037 | _aTextBook | ||
| 040 |
_aFEDL _beng _cFEDL |
||
| 041 |
_aeng _2eng |
||
| 084 |
_a428, SAS/R _qFEDL |
||
| 100 | _aSasikumar V | ||
| 245 | 0 | _aCourse in listening and speaking I | |
| 260 |
_aNew Delhi, India _bCambridge University Press India Pvt. Ltd. _c2005 |
||
| 300 | _aviii, 155p. | ||
| 365 |
_aINR _b165 |
||
| 546 | _aC D Included | ||
| 700 |
_a Dutt P Kiranmai Rajeevan Geetha _9780354 |
||
| 942 |
_cTB _h428, SAS/R |
||
| 999 |
_c1394169 _d1394169 |
||